Efectos jurídicos de la documentación que gobierna la etapa preliminar en la transferencia del control accionario (Registro nro. 20888)

Detalles MARC
000 -LEADER
fixed length control field 00404 a2200109 4500
001 - CONTROL NUMBER
control field ART_39070
005 - DATE AND TIME OF LATEST TRANSACTION
control field 20260410161805.0
008 - FIXED-LENGTH DATA ELEMENTS--GENERAL INFORMATION
fixed length control field 260409a
100 1# - MAIN ENTRY--PERSONAL NAME
Personal name Papa, Rodolfo G.
245 10 - TITLE STATEMENT
Title Efectos jurídicos de la documentación que gobierna la etapa preliminar en la transferencia del control accionario
773 0# - HOST ITEM ENTRY
Title Doctrina Societaria y Concursal
Related parts - Nº 314 (ene. 2014)
Record control number REV4298

No hay ítems disponibles.